|
|
|
|
| LEADER |
00000cam a2200000 a 4500 |
| 001 |
vtls008377463 |
| 003 |
SK-MaSNL |
| 005 |
20260301075426.0 |
| 008 |
230403s1951 xo 000 0 slo |
| 015 |
|
|
|a SNBA19451955-004949
|
| 035 |
|
|
|a SK01SNKBKSFS20020069680
|
| 035 |
|
|
|a urn:nbn:sk:snk-am3il8d
|
| 035 |
|
|
|a 837F1494-6AD8-4B0D-8CFB-3C6B1DA468D3
|
| 035 |
|
|
|a urn:nbn:sk:snk-am00enzw
|
| 035 |
|
|
|a SKM000072143
|
| 040 |
|
|
|a SNK
|b slo
|c SNK
|e AACR2
|
| 041 |
1 |
|
|a slo
|h rus
|
| 044 |
|
|
|a xo
|c SK
|
| 080 |
|
|
|a 329(47+57)
|2 1981
|
| 100 |
1 |
|
|a Kalašnikov, K.
|4 aut
|9 399524
|
| 245 |
1 |
0 |
|a Základné črty boľševickej agitácie
|c K. Kalašnikov
|
| 250 |
|
|
|a 2. vyd.
|
| 260 |
|
|
|a Bratislava
|b Pravda
|c 1951
|e Bratislava
|f Pravda
|
| 300 |
|
|
|a 52, [4] s.
|c V. 8°
|
| 366 |
|
|
|e 10000 výtl.
|
| 490 |
1 |
|
|a Knihovnička agitátora
|
| 500 |
|
|
|a Vydalo Kultúrne a propagačné oddelenie ÚV KSS v nakladateľstve Pravda
|
| 500 |
|
|
|a Preložené z ruštiny
|
| 610 |
2 |
7 |
|a Kommunističeskaja partija Sovetskogo Sojuza
|2 SNKPH
|9 50548
|
| 650 |
0 |
7 |
|a politická propaganda
|2 SNKPH
|9 271812
|
| 650 |
0 |
7 |
|a agitácia
|2 SNKPH
|9 28256
|
| 655 |
|
7 |
|a príručky
|2 SNKPH
|9 74364
|
| 710 |
2 |
|
|a Komunistická strana Slovenska.
|b Ústredný výbor
|4 pbl
|9 186489
|
| 830 |
|
0 |
|a Knihovnička agitátora
|9 308864
|
| 852 |
|
|
|a Slovenská národná knižnica
|
| 954 |
|
|
|a odborná, vedecká literatúra cudzojazyčná (svetová)
|2 lita
|
| 958 |
|
|
|a OND
|
| 958 |
|
|
|a RK
|
| 958 |
|
|
|a TL
|
| 958 |
|
|
|a EUIPO
|
| 999 |
|
|
|c 650149
|d 652079
|
| 952 |
|
|
|a SNK
|b SNK
|y VYP
|7 0
|p 17A0709878
|o snkSD 7528 D1
|i snk2784/55
|0 0
|1 0
|4 0
|d 2011-10-28
|l 0
|r 2026-02-23 18:20:05
|w 2026-02-23
|
| 952 |
|
|
|a SNK
|b SNK
|y VYP
|7 0
|p 17A0709879
|o snkSD 7528 D2
|i snkF 3692/64
|8 5
|0 0
|1 0
|4 0
|d 2011-10-28
|l 0
|r 2026-02-23 18:20:05
|w 2026-02-23
|
| 952 |
|
|
|a SNK
|b SNK
|y PREZ
|7 0
|p 17A0911848
|o snkSD 7528
|i snk4401/51
|0 0
|1 0
|4 0
|d 2020-10-08
|f 1
|l 0
|r 2025-11-18 00:00:00
|w 2026-02-23
|